000 00544nam a2200217 a 4500
001 BS0001958
003 BR-BrBNA
005 20231002161613.0
008 230308b |||||||| |||| 00| 0 por d
040 _aBR-BrBNA
_bpor
_cBiblioteca Nacional de Agricultura
041 _apor
072 _aS86
090 _aS86
_bBS0001958
100 1 _aFreire, Roberto.
245 1 _aAme e dê vexame /
250 1 _a4 ed.
260 3 _aRio de Janeiro, RJ:
_bGuanabara,
_c1990.
300 _a238 p.
650 _aLITERATURA BRASILEIRA
942 _cBK
_2AGRIS
999 _c6981
_d6981